01683nam a22002537a 4500003000900000008004100009040007100050082002400121110004900145245009500194260004600289300002900335440006000364505079800424650002801222650002501250650002301275650002601298650002101324700002001345700002501365700002001390700001901410AR-CdUCM190425b ||||| |||| 00| 0 spa d aMUNICIPALIDAD PROVINCIAL DEL CUSCOcBIBLIOTECA MUNICIPAL DEL CUSCO aHist.Ecle/N°6/1998 aInstituto Peruano de Historia Eclesiástica aRevista peruana de Historia Eclesiástica /cInstituto Peruano de Historia Eclesiástica aLima.bServicio copias Gráficas,c1998. a288 páginas. :c22 cm. aRevista peruana de Historia Eclesiástica.nN°6,1998. aContenido: Circunscripción Eclesiástica. José Dammert Bellido. -- La orden dominicana en el Perú del siglo XX. Guillermo Álvarez. -- Las misiones dominicanas de Puerto Maldonado. Juan José Larrañeta. -- La provincia franciscana de los doce apóstoles del Perú en el siglo XX. Federico Richter. -- Los franciscanos en el Perú en el siglo XX. Julián Heras. -- Los mercedarios del Perú en el siglo XX. Severo Aparicio. -- Los agustinos en el Perú del siglo XX. Benigno Ayarra Cámara. -- Los jesuitas en el Perú del siglo XX. Armando Nieto. -- Nuevos institutos religiosos en el Perú del siglo XX. Jeffrey Klaiber. -- La iglesia y la educación peruana en el siglo XX. Andrés Cardó Franco. -- La religiosidad popular en el Perú del siglo XX. Manuel M. Marzal. aHistoria eclesiástica aEducación colonial aHistoria del Cusco aReligión católica aEvangelización aDammert, José aÁlvarez, Guillermo aHeras, Julián aMarzal, Manuel